ბათუმის შოთა რუსთაველის სახელმწიფო უნივერსიტეტის ბიბლიოთეკა

ბუღალტრული აღრიცხვის ანგარიშთა გეგმა : (ბიბ.ჩანაწერი № 62511)

000 -ლიდერი
ფიქსირებული სიგრძის საკონტროლო ველი 01167nam a22001817a 4500
003 - საკონტროლო ნომრის იდენტიფიკატორი
საკონტროლო ველი Ge_BSU
005 - ბოლო ოპერაციის თარიღი და დრო
საკონტროლო ველი 20241122145513.0
008 - ფიქსირებული სიგრძის მონაცემთა ელემენტები - ზოგადი ინფორმაცია
ფიქსირებული სიგრძის საკონტროლო ველი 241122s1999 ge ||||| |||| 00| 0 geo d
041 ## - ენის კოდი
Language code of text/sound track or separate title geo
080 ## - უნივერსალური ათობითი კლასიფიკაციის ინდექსი
Universal Decimal Classification number 657 ბ-97
245 ## - ცნობა სათაურის შესახებ
Title ბუღალტრული აღრიცხვის ანგარიშთა გეგმა :
Remainder of title დამტკიც. საქ. პარლამენტთან არს. ბუღალტრ. აღრიცხვის სტანდარტების კომისიის დადგენილებით (N 1.12.08. 1999 წ.) : რეგისტრირებულია საქ. იუსტიციის სამინისტროს მიერ (N 090 008 77 23.08.1999 წ.) /
264 ## - წარმოების, გამოცემის, დისტრიბუციის და სხვა ცნობები
გამოცემის, წარმოების, დისტრიბუციის... ადგილი თბილისი,
გამოცემის, წარმოების, დისტრიბუციის... თარიღი 1999.
300 ## - ფიზიკური აღწერა
Extent 102 გვ. :
Other physical details ცხრ. ;
Dimensions 20 სმ.
653 ## - INDEX TERM--UNCONTROLLED
Uncontrolled term საბუღალტრო აღრიცხვა.
653 ## - INDEX TERM--UNCONTROLLED
Uncontrolled term ბუღალტერია
710 ## - ADDED ENTRY--CORPORATE NAME
Corporate name or jurisdiction name as entry element საქ. პროფ. ბუღალტერთა და აუდიტორთა ფედერაცია.
9 (RLIN) 23770
942 ## - ADDED ENTRY ELEMENTS (KOHA)
Source of classification or shelving scheme
Koha item type წიგნი
ეგზემპლარები
ჩამოწერის სტატუსი დაკარგული ეგზემპლარის სტატუსი კლასიფიკაციის წყარო ან თაროზე გაწყობის სქემა დაზიანების სტატუსი არ გაიცემა მუდმივი მდებარეობა (დაცვის ადგილი) ამჟამინდელი ადგილსამყოფელი თაროზე განთავსების ადგილი შეძენის თარიღი ღირებულება, შესყიდვის ნორმალური ფასი სრული შენახვის შიფრი შტრიხკოდი ბოლო ოპერაციის თარიღი ეგზემპლარის მიმდევრობითი ნომერი (კეტერი?) ფასის ძალაში შესვლის თარიღი ეგზემპლარის სახეობა საჯარო შენიშვნა
          ბათუმის შოთა რუსთაველის სახელმწიფო უნივერსიტეტის მთავარი ბიბლიოთეკა ბათუმის შოთა რუსთაველის სახელმწიფო უნივერსიტეტის მთავარი ბიბლიოთეკა წიგნსაცავი 2024-11-22 10.00 657 ბ-97 69840 2024-11-22 69840 2024-11-22 წიგნი 10.00